| 000 | 01314cam a2200277 4500 | ||
|---|---|---|---|
| 008 | #DATE n2003 000 0 eng u | ||
| 020 | _a0721905846 | ||
| 035 | _a(Sirsi) u122667 | ||
| 041 | _aeng. | ||
| 050 | _a344.410462 | ||
| 100 | _aGarner, J. F. | ||
| 245 |
_aGarner's law of sewers and drains _c[old edition] |
||
| 250 | _a9th ed. | ||
| 260 |
_aCrayford _bShaw and Sons Limited _c2003 |
||
| 300 |
_a395p. _c22cm. |
||
| 350 | _a34.95 | ||
| 520 | _aThis new edition takes account of the large number of legislative changes and developments in case law since August 1995. These include the establishment of the Environment Agency; provisions of the Water Act 2003 that will reshape arrangements for regulation of the water industry and extend the responsibility of sewerage undertakers for lateral drains; and important case law on such topics as the tort liability of sewerage undertakers, the interpretation and application of relevant provisions of the Water Industry Act 1991 and the water pollution offences under the Water Resources Act 1991 | ||
| 520 | _aSupersedes 8th ed. (ISBN 0721905838) | ||
| 650 | _aDRAINAGE | ||
| 650 | _aWATER | ||
| 650 | _aWATER INDUSTRY ACT 1991 | ||
| 650 | _aWATER RESOURCES ACT 1991 | ||
| 690 | _aPROPERTY | ||
| 700 | _aBailey, S. H. | ||
| 942 |
_n0 _2ddc |
||
| 999 |
_c102903 _d102903 |
||